| 000 | | | 03548nac2a22002293x 450 |
| 001 | | | 7499a266-f41f-41d5-9345-cd00c3d4800b |
| 005 | | | 20190122031209.0 |
| 100 | ## | $a | 20181229l 1919k y0rusy50 ca |
| 101 | 0# | $a | rus |
| 102 | ## | $a | RU |
| 105 | ## | $a | y z |||e| |
| 200 | 1# | $a | Переписка с канцелярией МВД о разработке законопроектов по производству судебных дел о лесных порубках, о содержании арестованных и др. |
| | $j | 20 января 1919 - 26 июня 1919 |
| 215 | ## | $a | 62 листа |
| 251 | ## | $c | Дело |
| 300 | ## | $a | Машинописный и рукописный текст |
| 324 | ## | $a | В деле имеются копии отдельных документов |
| 461 | #0 | $1 | 0010f0e3429-2e37-4fb4-ace0-6332d350a692 |
| | $1 | 2001 |
| | $a | Министерство внутренних дел Российского правительства. Омск |
| | $1 | 251 |
| | $c | Фонд |
| | $1 | 852 |
| | $j | 1700 |
| | $g | Р |
| 462 | #0 | $1 | 001ae790ebe-5e57-4246-b847-45ced1f0c984 |
| | $1 | 2001 |
| | $a | Юридический Отдел. 1918-1919 г. |
| | $v | Д. 7 |
| | $1 | 251 |
| | $c | Опись |
| | $1 | 852 |
| | $j | 4 |
| 601 | 02 | $3 | RU\NLR\AUTH\8810247804 |
| | $a | Временное Сибирское правительство |
| | $b | Министерство внутренних дел |
| 801 | #0 | $a | RU |
| | $b | GA_RF |
| 801 | #1 | $a | RU |
| | $b | ГлавНИВЦ |
| | $c | 20181229 |
| | $2 | rusmarc |
| 801 | #2 | $a | RU |
| | $b | ПБ им. Б.Н. Ельцина |
| | $c | 20190122 |
| | $g | RCR |
| | $2 | rusmarc |
| 852 | ## | $a | ГА РФ |
| | $j | 7 |
| 937 | ## | $d | 123562068 |
| | $h | ПБ |
| 035 | ## | $a | RuPRLIB51054427 |
| 856 | ## | $u | http://readingroom.main.prlib.ru/item.aspx?id_node=n123562068&mode=full |